书目信息 |
| 题名: |
教师走基层日记
|
|
| 作者: | 黎志强 主编 | |
| 分册: | 第二组 | |
| 出版信息: | 北京 中国文史出版社 2014 |
|
| 页数: | 217页 | |
| 开本: | 23cm | |
| 丛书名: | ||
| 单 册: | ||
| 中图分类: | I267.5 , I267.5 | |
| 科图分类: | ||
| 主题词: | 日记--作品集--中国--当代 | |
| 电子资源: | ||
| ISBN: | 978-7-5034-4554-5 | |
| 000 | 00840nam0 2200241 450 | |
| 001 | 012015000058 | |
| 005 | 20151210164059.51 | |
| 010 | @a978-7-5034-4554-5@dCNY35.00 | |
| 100 | @a20141124d2014 em y0chiy50 ea | |
| 101 | 0 | @achi |
| 102 | @aCN@b110000 | |
| 105 | @aa z 000cy | |
| 106 | @ar | |
| 200 | 1 | @a教师走基层日记@Ajiao shi zou ji ceng ri ji@h第二组@f黎志强主编 |
| 210 | @a北京@c中国文史出版社@d2014 | |
| 215 | @a217页@c图,照片@d23cm | |
| 330 | @a本书主要内容包括:兰州理工大学“教师走基层”第二组成员;杨莉老师日记;饶旭鹏老师日记;喻兴龙老师日记;马云霞老师日记;附录一:调研活动安排;附录二:调查问卷及调查资料清单等。 | |
| 606 | 0 | @a日记@x作品集@y中国@z当代 |
| 690 | @aI267.5@v5 | |
| 690 | @aI267.5@v5 | |
| 701 | 0 | @a黎志强@Ali zhi qiang@4主编 |
| 801 | 0 | @aCN@b碧洲教育@c20151129 |
| 905 | @a10447@f3@dI267.5@e1729:2 | |
| 教师走基层日记.第二组/黎志强主编.-北京:中国文史出版社,2014 |
| 217页:图,照片;23cm |
| ISBN 978-7-5034-4554-5:CNY35.00 |
| 本书主要内容包括:兰州理工大学“教师走基层”第二组成员;杨莉老师日记;饶旭鹏老师日记;喻兴龙老师日记;马云霞老师日记;附录一:调研活动安排;附录二:调查问卷及调查资料清单等。 |
| ● |
| 相关链接 |
|
|
|
|
正题名:教师走基层日记
索取号:I267.5/1729:2
 
预约/预借
| 序号 | 登录号 | 条形码 | 馆藏地/架位号 | 状态 | 备注 |
| 1 | 0872270 | 208722701 | 第一样本阅览室/ [索取号:I267.5/1729:2] | 在馆 | |
| 2 | 0872271 | 208722710 | 教育系资料室/ [索取号:I267.5/1729:2] | 在馆 | |
| 3 | 0872272 | 208722729 | 教育系资料室/ [索取号:I267.5/1729:2] | 在馆 |